| 000 | 00547nam a2200181 a 4500 | ||
|---|---|---|---|
| 005 | 20210223120443.0 | ||
| 008 | 991125s1983 mx 000 0 spa u | ||
| 020 | _a9688011061 | ||
| 035 | _aUPN01000001517 | ||
| 049 | _aC | ||
| 050 | 4 |
_aZ5814 I3 _bA4.9 |
|
| 245 | 0 | 0 |
_aAlfabetización y educación de adultos : _buna bibliografía anotada. |
| 260 |
_aPátzcuaro, Mich. : _bCREFAL : _bINEA, _c[1983]. |
||
| 300 | _a930 p. | ||
| 650 | 4 |
_aANALFABETISMO - _vBIBLIOGRAFIA _94906 |
|
| 650 | 4 |
_aEDUCACION DE ADULTOS - _vBIBLIOGRAFIA _915688 |
|
| 905 | _aLibro | ||
| 999 |
_c1517 _d1517 |
||